The wireless data handbook / (Record no. 176094)

000 -LEADER
fixed length control field 00951 a2200229 4500
003 - CONTROL NUMBER IDENTIFIER
control field NUST
005 - DATE AND TIME OF LATEST TRANSACTION
control field 20221229183359.0
010 ## - LIBRARY OF CONGRESS CONTROL NUMBER
LC control number 99030369
020 ## - INTERNATIONAL STANDARD BOOK NUMBER
International Standard Book Number 0471316512 (alk. paper)
040 ## - CATALOGING SOURCE
Transcribing agency Nust
082 00 - DEWEY DECIMAL CLASSIFICATION NUMBER
Classification number 621.38456,DER
100 1# - MAIN ENTRY--PERSONAL NAME
Personal name DeRose, James F
9 (RLIN) 77933
245 14 - TITLE STATEMENT
Title The wireless data handbook /
Statement of responsibility, etc. James F. DeRose.
250 ## - EDITION STATEMENT
Edition statement 4th ed.
260 ## - PUBLICATION, DISTRIBUTION, ETC.
Place of publication, distribution, etc. New York :
Name of publisher, distributor, etc. Wiley,
Date of publication, distribution, etc. c1999.
300 ## - PHYSICAL DESCRIPTION
Extent xxi, 388 p. :
Other physical details ill. ;
Dimensions 24 cm.
505 ## - FORMATTED CONTENTS NOTE
Formatted contents note Getting Started (Page-3), Business 101: Price and Quantity Fixations,( Page-87), Business 102 Other Things are Important Too (Page-171), Some Private Technical Consideration ( Page-203), Putting IT Together ( Page-259).
650 #0 - SUBJECT ADDED ENTRY--TOPICAL TERM
Topical term or geographic name entry element Wireless communication systems.
9 (RLIN) 594
856 42 - ELECTRONIC LOCATION AND ACCESS
Materials specified Publisher description
Uniform Resource Identifier <a href="http://www.loc.gov/catdir/description/wiley033/99030369.html">http://www.loc.gov/catdir/description/wiley033/99030369.html</a>
856 42 - ELECTRONIC LOCATION AND ACCESS
Materials specified Table of Contents
Uniform Resource Identifier <a href="http://www.loc.gov/catdir/toc/onix04/99030369.html">http://www.loc.gov/catdir/toc/onix04/99030369.html</a>
942 ## - ADDED ENTRY ELEMENTS (KOHA)
Koha item type Book
Source of classification or shelving scheme
Call number prefix 621.38456,DER
Holdings
Withdrawn status Lost status Source of classification or shelving scheme Damaged status Not for loan Permanent Location Current Location Shelving location Date acquired Full call number Barcode Date last seen Price effective from Koha item type Public note
          Military College of Signals (MCS) Military College of Signals (MCS) General Stacks 12/12/2016 621.38456,DER MCS28271 12/08/2016 12/12/2016 Book Almirah No.39, Shelf No.2
© 2023 Central Library, National University of Sciences and Technology. All Rights Reserved.